00307nam a2200121Ia 4500008004100000020002200041041001200063100001600075245004500091260002500136300000900161650001500170221220s9999 xx 000 0 und d a978-93-88267-30-4 aEnglish aS. N. Misra 0aLabour & Industrial Lawscby S. N. Misra bCLPaPrayagrajc2022 a1220 aLabour Law